000 00897nam a2200313Ia 4500
003 OSt
005 20220912145259.0
006 a|||||r|||| 00| 0
007 ta
008 220909b |||||||| |||| 00| 0 eng d
020 _a9781845933920 (hbd)
024 _a101992
037 _b350, 17/06/2010, Aviva Books Company
037 _cTextbook
040 _aCSL
_beng
_cCSL
041 _aeng
082 _aJ:6, Q0;1 TI
100 _aXu Yunbi
245 0 _aMolecular plant breeding
260 _aOxfordshire
_bCAB International
_c2010
300 _axvii, 734p.
_ccm.
500 _aReferences 627-716p.; Index 717-734p.
650 _a Crop improvement
650 _a Crops-molecular genetics
650 _a Plant breeding
650 _aBotany
942 _hJ:6, Q0;1 TI
_cTB
_2CC
999 _c27789
_d27789